| 000 | 00519 a2200169 4500 | ||
|---|---|---|---|
| 020 | _a1584883669 | ||
| 040 |
_aDLC _bDLC |
||
| 082 | 0 | 0 | _a519.535 |
| 100 | 1 | _aMartinez, Wendy L. | |
| 245 | 1 | 0 |
_aExploratory data analysis with MATLAB _cWendy L. Martinez, Angel R. Martinez. |
| 260 |
_aBoca Raton, Fla. : _bChapman & Hall/CRC, _cc2005. |
||
| 300 |
_axv, 405 p. : _bill. ; _c24 cm. |
||
| 650 | 0 | _aMultivariate analysis. | |
| 650 | 0 | _aMathematical statistics. | |
| 700 | 1 | _aMartinez, Angel R. | |
| 942 |
_cBK _k519.535 MAR _2ddc |
||
| 999 |
_c9809 _d9809 |
||